000 00515nam a2200181Ia 4500
001 21298
005 20260306172909.0
008 260306t2024||||xx |||||||||||||| ||spa||
041 _aESP
082 _a344.525
_bC48
100 _aCerna Ravines, Cristhian,
_eAUT
245 0 _aLos delitos contra el patrimonio :
_baspectos sustantivos y probatorios para la resolución de casos judiciales
260 _c2024
300 _a318 pƔginas :
_c25 cm.
650 _aGEN
654 _aCDE
942 _cLIB
_dJUS
_fJUS
_2ddc
_n
999 _c21298
_d21298